00547pab a2200169 454500008004000000100001900040245009500059260000900154300001300163362001100176650001800187773003400205908000600239909001000245999001700255952010500272180718b2008 xxu||||| |||| 00| 0 eng d aSelim, Monique aWork, ideology and reflexivity within the frame of globalisation: comparative perspectives c2008 ap.49-59. a18 Oct aGlobalization aEconomic and Political Weekly aN a79787 c79787d79787 00104070aIIPAbIIPAd2018-07-19hVolume no: 43, Issue no: 42pAR80247r2018-07-19w2018-07-19yAR